[Event "Vienna State-chB"]
[Site "Vienna"]
[Date "2022.09.22"]
[Round "6"]
[White "Obenaus, Paul"]
[Black "Bonk, Andras"]
[Result "0-1"]
[WhiteElo "1825"]
[BlackElo "2175"]
[PlyCount "48"]
[EventDate "2022.09.17"]
[EventType "swiss"]
[EventRounds "9"]
[EventCountry "AUT"]
[SourceTitle "CBM 210 Extra"]
[Source "ChessBase"]
[SourceDate "2022.11.30"]
[SourceVersion "1"]
[SourceVersionDate "2022.11.30"]
[SourceQuality "1"]

1. d4 Nf6 2. c4 e6 3. Nf3 Bb4+ 4. Bd2 a5 5. a3 Bxd2+ 6. Qxd2 d5 7. Nc3 0-0 8. e3 b6 9. cxd5 exd5 10. Bd3 c5 11. dxc5 bxc5 12. 0-0 Bb7 13. Rfd1 Qe7 14. Na4 Bc6 15. Qc2 c4 16. Nd4 Bxa4 17. Qxa4 cxd3 18. b4 Qe8 19. b5 Nbd7 20. Rac1 Ne4 21. Qb3 d2 22. Rc7 Rc8 23. b6 Ndc5 24. Qb2 Qa4 0-1

[Event "Vienna State-chB"]
[Site "Vienna"]
[Date "2022.09.19"]
[Round "3"]
[White "Nemetz, Markus"]
[Black "Obenaus, Paul"]
[Result "0-1"]
[WhiteElo "1830"]
[BlackElo "1825"]
[PlyCount "36"]
[EventDate "2022.09.17"]
[EventType "swiss"]
[EventRounds "9"]
[EventCountry "AUT"]
[SourceTitle "CBM 210 Extra"]
[Source "ChessBase"]
[SourceDate "2022.11.30"]
[SourceVersion "1"]
[SourceVersionDate "2022.11.30"]
[SourceQuality "1"]

1. d4 Nf6 2. c4 e6 3. Nc3 Bb4 4. f3 d5 5. a3 Bxc3+ 6. bxc3 c5 7. e3 0-0 8. cxd5 Nxd5 9. Bd3 Nc6 10. Ne2 b6 11. 0-0 Bb7 12. e4 Nxc3 13. Nxc3 Qxd4+ 14. Kh1 Qxc3 15. Ra2 Rad8 16. Rd2 c4 17. Bb1 Rxd2 18. Bxd2 Qxa3 0-1